In diem addictio. Contribución al estudio de la teoría de las condiciones en derecho romano
Salvato in:
| Autore principale: | |
|---|---|
| Natura: | Libro |
| Lingua: | spagnolo |
| Pubblicazione: |
Madrid
Instituto Nacional de Estudios Jurídicos
1945
|
| Serie: | Anuario de historia del derecho español, 16
|
| Soggetti: | |
| Tags: |
Aggiungi Tag
Nessun Tag, puoi essere il primo ad aggiungerne!!
|
MARC
| LEADER | 00000nam a2200000 a 4500 | ||
|---|---|---|---|
| 001 | UCR1253 | ||
| 003 | CL-VaPUC | ||
| 008 | 971212e19450000SP |||||||||||||||||spa|d | ||
| 082 | 0 | 4 | |a 340.54 |b ORS |2 21 |
| 100 | |a Ors, Álvaro d' |e autor |9 878430 | ||
| 245 | 1 | 0 | |a In diem addictio. Contribución al estudio de la teoría de las condiciones en derecho romano |
| 300 | |a 289 p | ||
| 942 | |c BK | ||
| 945 | |d 19971212 00:00:00 |a aolguin | ||
| 260 | |a Madrid |b Instituto Nacional de Estudios Jurídicos |c 1945 | ||
| 650 | 0 | |a Derecho romano |9 255930 | |
| 650 | 7 | |a TEORIA DE LAS CONDICIONES |2 CL-VaPUC |9 398290 | |
| 650 | 0 | |a Negocio jurídico |9 258242 | |
| 650 | 0 | |a Compraventa |9 255413 | |
| 650 | 0 | |a Condiciones de venta |9 398291 | |
| 650 | 0 | |a Contratos |9 255153 | |
| 650 | 7 | |a EFICIENCIA |2 CL-VaPUC |9 361861 | |
| 650 | 7 | |a RESCISION |2 CL-VaPUC |9 256756 | |
| 650 | 0 | |a Obligaciones |9 255578 | |
| 650 | 0 | |a Fuentes de las obligaciones |9 385043 | |
| 583 | |a last modification |c 19971212 00:00:00 |k Rodrigo Vera | ||
| 490 | 0 | |a Anuario de historia del derecho español, 16 | |
| 999 | |c 264728 |d 264726 | ||
| 952 | |0 0 |1 0 |4 0 |6 340_540000000000000_ORS_1945 |7 0 |8 DER_ROM |9 295135 |a BIBDER |b BIBDER |d 2019-11-19 |i 1919245 |o 340.54 ORS 1945 |p 1919245 |r 2023-01-25 |w 2019-11-19 |x Ubicación 4to piso |y BK |z Este recurso debe solicitarse con anticipación |k DER | ||